000
00296nam a22001337a 4500
008
170607b xxu||||| |||| 00| 0 eng d
020
_a
9781133348528
041
_a
eng
080
_a
32
100
_a
18
101
_a
SHP
245
_a
CRISIS ASSESSMENT AND INVERNTION
_c
KANEL
942
_2
udc
_c
BK
999
_c
16219
_d
16219